000 01189cam a2200325 i 4500
003 EG-ScBUE
005 20230920111502.0
008 100628s1998 le af b 000 0ccara d
017 _a1993 / د. ع / 1393
040 _aEG-ScBUE
_bara
_erda
_cEG-ScBUE
_dEG-ScBUE
082 0 4 _a920.7
_222
_bم ل ا
100 1 _aالملا، يوسف،
_eمؤلف.
_915376
245 1 0 _aرواد الحضارة والعمران :
_bلمحات من حياتهم وأفكارهم /
_cيوسف الملا.
250 _aالطبعة الأولى.
264 1 _aبيروت :
_bدار الشرق العربي،
_c1998.
300 _a216 صفحة ؛
_c24 سم
336 _2rdacontent
_aنص
_btxt
337 _2rdamedia
_aبدون وسيط
_bn
338 _2rdacarrier
_aمجلد
_bnc
504 _aيشتمل على إرجاعات ببليوجرافية.
541 _aألف باء ؛
_cشراء ؛
590 _adoaa mohamed
650 7 _915275
_aالفلاسفة
_vتراجم.
_2BUEsh
650 7 _926399
_aالعلماء
_vتراجم.
_2BUEsh
650 7 _926357
_aالأدباء
_vتراجم.
_2BUEsh
651 _2BUEsh
653 _cAugust2015
655 _vReading book
942 _2ddc
_cBB
999 _c14262
_d14262